000 00323 a2200157 4500
001 68124
020 _a9783190010608
040 _cAnchieta - Pituba
100 _aLill, Klaus
240 1 0 _aMit uns B1+
_ldeu / ger
245 1 0 _aMit uns B1+
300 _a119
362 0 _a2017
650 4 _aLíngua alemã
942 _cBK
999 _c68124
_d68124